| 000 | 00365nam a2200145Ia 4500 | ||
|---|---|---|---|
| 008 | 210210b1977 xxu||||| |||| 00| 0 eng d | ||
| 082 | _a510 SHAT | ||
| 100 | _aSHARMA (J N) & MARATHA (P N) | ||
| 245 | _aTextbook of basic mathematics. | ||
| 260 |
_aMeerut _bKedar Natha _c1977 |
||
| 300 | _a189 | ||
| 650 | _aBasic maths | ||
| 690 | _aMathematics | ||
| 906 | _a033605 | ||
| 999 |
_c84682 _d84682 |
||